00850 2200337 4500001002100000005001500021035002000036007000300056008004100059020001800100082001000118084002000128084002000148084002000168100002300188245009300211250000600304260003300310300002600343990001300369990001300382990001300395990001300408990001300421990001300434990001300447990001300460990001300473990001300486990001300499INLIS00000000000781720230711113935 a0010-0222000099ta230711 g 0 ind  a9786025586408 a801.9 a801.9 SUW t C.1 a801.9 SUW t C.2 a801.9 SUW t C.30 aSuwardi Endraswara1 aTEORI KAJIAN SASTRA KRITIS :bPerspektif Tokoh Sastra di Indonesia /cSuwardi Endraswara a1 aYogyakarta :bTEXTIUM,c2021 a324 hlm ;c17 x 24 cm a023.4319 a022.5553 a022.5554 a022.5555 a022.5556 a022.7077 a022.7076 a022.7075 a022.7074 a023.4317 a023.4318